Quizzes
Events
Quiz Creation
Community
Videos
Private Events
Remove Ads
Sign In
Join for FREE
Feedback
Dark Mode
Quiz Categories
Sports
Geography
Music
Movies
Television
Just For Fun
Miscellaneous
History
Literature
Language
Science
Gaming
Entertainment
Religion
Holiday
For Kids
Quiz Lab
Recent
Popular Today
Quiz Kudos Today
Editor Picks
Curator Picks
Quizzes by...
Day
Popularity
Type
Ratings
Length
Year
Community
Subscriptions
Recent Discussions
Orange Saloon
Badges
Playlists
Quests
Create
Leaderboards
Showdown
Live 5
Trivia Bingo
Activity
Puzzle Library
Sporcle Events
Private Events
Virtual Trivia
Globe League
Become a Host
Pub Owners
SporcleCon
Opinionation
Our Games
Videos
Blog
Mobile Apps
Partnerships
Remove Ads and Go Orange
Feedback
Literature
Harry Potter
A Song of Ice and Fire
The Hunger Games
Literary Character
Shakespeare
Book
Author
Novel
Poem
Young Adult
Children's Books
Play
Lord of the Rings
Literature
Harry Potter
A Song of Ice and Fire
The Hunger Games
Literary Character
Shakespeare
Book
Author
Novel
Poem
Young Adult
Children's Books
Play
Lord of the Rings
Random Quiz
Search Sporcle
×
Quiz Lab
Quiz Lab
Literature
Letter
Type in answers that appear in a list
Type in answers that appear in a list
Classic
Best Score? Go Orange.
Harry Potter A-Z (Difficult) Stats
Can you name the answers to these A-Z 'Harry Potter' questions?
By
Kelsey
10m
26 Questions
15.5K Plays
15,514 Plays
15,514 Plays
Comments
Comments
Give Quiz Kudos
Give Quiz Kudos
-
- Ratings
hide this ad
More Info
Replay
Link that replays current quiz
Next Quiz
Link to next quiz in quiz playlist
You Got
0%
They Got
Avg Score
52%
Avg Friend Score
Upgrade to see
Score Distribution
Jump to the score distribution portion of the page
Score
0/26
Timer
10:00
0
Plays Today
Hint
Answer
% Correct
One of the Deathly Hallows
Elder Wand
84.4%
The Ball Used In Quidditch To Be Thrown Through Hoops and Score
Quaffle
79%
First Name of the Founder of Ravenclaw
Rowena Ravenclaw
77.2%
Son of Remus Lupin and Nymphadora Tonks
Ted Lupin
76.3%
A Spell That Turns Off the Light Produced by Lumos
Nox
71.6%
First Name of the Minister of Magic After the Battle of Hogwarts
Kingsley Shacklebolt
71.3%
Beasts in Hogwarts's Lake Who Were Seen During the Second Task of the Triwizard Tournament
Merpeople
66.5%
First Name of the Only Weasley Daughter
Ginevra Weasley
64.7%
Powerful Truth Serum
Veritaserum
63.3%
Last Name of a Slytherin Student
Blaise Zabini
60.3%
First Name (Not Nickname) of the Father Killed By His Death Eater Son of the Same Name
Bartemius Crouch Sr
60.2%
Last Name of One of the Original Death Eaters Who Later Went On To Kill Remus Lupin in the Battle of Hogwarts
Antonin Dolohov
59.5%
A Group of Students Hand-
Picked by Dolores Umbridge Who Were Supportive of the Ministry of Magic
Inquisitorial Squad
58.9%
Hint
Answer
% Correct
First Name of a Muggle-
Born Witch Who Was Part of the Order of the Phoenix During the First Wizarding War
Lily Potter
57.6%
The Band Who Played at the Yule Ball
Weird Sisters
55.6%
Lowest Passing Mark On the W.O.M.B.A.T.s
Acceptable
55.4%
Head of Department of Magical Law Enforcement When Voldemort Was In Control of the Ministry of Magic
Yaxley
55%
Employees of the Ministry of Magic Who Perfrom Memory Charms on Muggles Who See Magical Acts
Obliviators
47.6%
First Name of One of the Initial Owners of the Deathly Hallows
Cadmus Peverell
40.3%
One of the Sweets Sold By Fred and George to Make the Eater Fall Ill and Miss Lessons
Fainting Fancies
38.8%
A Product of Weasleys' Wizard Wheezes That Causes Constipation In the Recipient
U-No-Poo
36.4%
A Range of Sweets Packaged Together and Sold by Fred and George; If Eaten Would Make the Person Appear Sick
Skiving Snackbox
34.6%
Luna Lovegood Was Said To Be Fishing For These Mythical Creatures When Ron, Harry, and Hermoine Visited Her House
Plimpies
30.5%
Room That Was Included in Battle of the Department of Mysteries
Hall of Prophecy
23.8%
Candy Found on the Hogwarts Express Food Trolley and Honeydukes
Jelly Slugs
7.2%
First Name Of the Flamboyant Wizard Entertainer Who Vanished While Tapdancing
Xavier Rastrick
1.7%
Quiz Playlist
Details
Report
Send in Message
Add To Playlist
More Info:
Some of the more hardcore Harry Potter fans thought the last one was too easy, so I made another one. I hope it's more difficult!
Classic:
Type in answers that appear in a list
Quiz Source
Last Updated: Mar 5, 2018
Quiz Scoreboard
CHALLENGE
Sign Up to Join the Scoreboard
Show All
Scores
Hide
Comments
May contain spoilers
Recently Published
One Thing in Common: World Cities II
by knightlancer
Geography
7m
Popular People in 1961
by mucciniale
History
6m
1-10 Letter E Words III
by El_Dandy
Language
2m
More to Explore
Quiz From the Vault
Featured Blog Post
Where Did the Easter Bunny Come From?
hide this ad
You Might Also Like...
Tags
Harry Potter Quiz
Letter Quiz
A-Z
difficult
Today's Top Quizzes in Literature
Browse Literature
hide this ad
Today's Top Quizzes in Letter
Browse Letter
Top Contributed Quizzes in Literature
1
Sneaky Slytherin Logic Puzzle
2
Get The Picture: Black or White Literature
3
One Thing in Common: Literature
4
Weasley Family Reunion: Logic Puzzle
5
Lily Potter Start to Finish
6
ASOIAF Logic Puzzle [Difficult] [Read Note first!!]
7
James Potter Start to Finish
8
One piece logic quiz 3 (Hard difficulty)
9
Dobby's Dilemma: Logic Puzzle
10
Keeper of the Lost Cities Logic Puzzle
Explore More
Trending Topics
Marvel
Disney
Anime
Crossword
Kpop
NBA
Harry Potter
Song
Soccer
Country
WWE
Puzzle
The Office
NFL
Pokémon
hide this ad
More By:
Kelsey
Quiz
Plays
Rating
Category
Featured
Created
Harry Potter A-Z
1,127,817
4.41
Literature
Nov 7, 2009
Harry Potter A-Z (Difficult)
15,514
3.29
Literature
Dec 24, 2009
International Destinations of ANTM
1,863
3.88
Television
Sep 22, 2009
Chem Quiz: Anions
512
1.75
Science
Jan 16, 2010
Go to Creator's Profile
Score Distribution
Quiz Creator Spotlight
Kelsey
Follow
Send a Message
Quizzes Created
-
Created Quiz Play Count
-
More By This Creator
Popular Quizzes Today
1
Find the US States - No Outlines Minefield
2
The Countries of the World
3
Popular People in 1961
4
Find the Countries of Europe - No Outlines Minefield
5
1-10 Letter E Words III
6
Find the US States
7
US States
8
One Thing in Common: World Cities II
More Literature Quizzes
Mystery Crossword: 20th Century Novel III
Editor's Pick
Trending Quizzes
Country Music Stars Doing Things
Get the Picture: Carrie or Dolly
1-10 Letter F Words
1-10 Letter G Words
Risky Map Clicking: Next State Alphabetically
Recently Updated
Leaping Animals
pecheneg
Reality TV Shows (A-Z)
bhenderson79
Rickey Henderson's Hall of Fame Teammates
pecheneg
Champions League XIs: Arsenal
pecheneg
Quick Pick: Celebrities in WWE's Hall of Fame
aduchscher
A-Z Keypad Blitz II
pecheneg
Multiple Oscar Actors
pecheneg
Mystery Phrase Blitz: Oscar 'Best Actors'
pecheneg
F. Scott Fitzgerald Novels
LTH
Pick 3 Villains
ddd62291
Trending Topics
Marvel
NBA
Disney
Anime
Kpop
Crossword
Harry Potter
WWE
NFL
Country
Soccer
Song
Puzzle
Pokémon
The Office
Your Account Isn't Verified!
In order to create a playlist on Sporcle, you need to verify the email address you used during registration. Go to your
Sporcle Settings
to finish the process.
Report this User
Report this user for behavior that violates our
Community Guidelines
.
Details:
Send Report
Go to the Sporcle.com Mobile Site →
Comments